| 000 | 00436cam a2200193ua 4500 | ||
|---|---|---|---|
| 020 | _c5.00 | ||
| 041 |
_ahin _h |
||
| 082 |
_a891.54 _bPRE/GA |
||
| 100 | _aPremchand, . | ||
| 245 |
_aGaban / _cPremchand. _hTextual Documents |
||
| 250 |
_a28 / _b. |
||
| 260 |
_aIlahabad : _bHans Prakashan , _c1961. |
||
| 300 | _a326 ; . | ||
| 365 | _a5.00 | ||
| 504 | _a | ||
| 942 | _cBK | ||
| 999 |
_c6452 _d6452 |
||